| 000 | 01499nas a2200277Ia 4500 | ||
|---|---|---|---|
| 001 | R052-S4718 | ||
| 003 | IT-CnALBA | ||
| 008 | 170116c99999999xx |||||||||||| ||und|| | ||
| 040 |
_aIT-CnALBA _cIT-CnALBA |
||
| 041 | _aITALIANO | ||
| 100 | _aSUPERBO AGOSTINO | ||
| 210 | _aPRESENZA PASTORALE | ||
| 222 | _aPRESENZA PASTORALE | ||
| 245 | 0 | _aPRESENZA PASTORALE. IL GIORNO DEL SIGNORE. APRILE 1998. | |
| 250 | _a1a ed. | ||
| 260 |
_aROMA. _bAZIONE CATT. ITAL. UNIONE. MILANO _c1998 [1° Ed.:1998 - Ed.Ling.Originale: 1998] |
||
| 300 | _a96 p. | ||
| 310 | _aMENSILE | ||
| 362 | _aFascicolo: 4 / Anno: 68 (1998) | ||
| 500 | _aEDITORIALE, CELEBRAZIONE DOMENICA. LETTERA APOSTOLICA DIES DOMINI. GIORNO DI FESTA. MAZZA C. L'OPERA DEL CREATORE, RUSSOTTO M. LA RISURREZIONE. LIEGGI P. J. GIORNO DELLA SPERANZA. JACOBONE L. GIORNO DELL'UOMO, RIPOSO E SOLIDARIETÀ. TEMPO NEGATO, TEMPO RINCORSO, TEMPO REDENTO? DE CARLI A. LA COMUNITÀ DI DOMENICA. SIGURANI P. | ||
| 501 | _aSocietà San Paolo EM - Piazza San Paolo, 14 - 12051 ALBA (CN) (non commercial uses only) ® Copyright 2017 | ||
| 520 | _aEDITORIALE, CELEBRAZIONE DOMENICA. LETTERA APOSTOLICA DIES DOMINI. GIORNO DI FESTA. MAZZA C. L'OPERA DEL CREATORE, RUSSOTTO M. LA RISURREZIONE. LIEGGI P. J. GIORNO DELLA SPERANZA. JACOBONE L. GIORNO DELL'UOMO, RIPOSO E SOLIDARIETÀ. TEMPO NEGATO, TEMPO RINCORSO, TEMPO REDENTO? DE CARLI A. LA COMUNITÀ DI DOMENICA. SIGURANI P. | ||
| 650 | _aTEOLOGIA PASTORALE | ||
| 942 | _cCR | ||
| 957 | _71 | ||
| 999 |
_a66608 _bNO _g1 _c332971 _d332971 |
||